| 000 | 00714nam a22002292 4500 | ||
|---|---|---|---|
| 001 | 0000002447 | ||
| 005 | 20151217151854.0 | ||
| 008 | 070411s xx 000 0 eng d | ||
| 040 |
_aKABU _cKABU |
||
| 050 | 0 |
_aHF5657.4 _b.E544 1993 |
|
| 100 | 1 |
_aEngler, Calvin. _@0000151812 |
|
| 245 | 1 | 0 |
_aManagerial accounting / _cCalvin Engler. |
| 250 | _a3rd ed. | ||
| 260 |
_aHomewood, Illinois : _bIrwin, _c1993. |
||
| 300 | _a998 p. | ||
| 650 | 0 |
_aManagerial accounting. _@0000151472 |
|
| 908 | _a070411 | ||
| 950 | _@1 | ||
| 999 |
_c5862 _d5862 |
||